| 000 | 00986nam a22003017a 4500 | ||
|---|---|---|---|
| 001 | BR7800914 | ||
| 003 | BR-BrBNA | ||
| 005 | 20230928085529.0 | ||
| 007 | ta | ||
| 008 | 230509b bl.||||| |||| 00| 0 por d | ||
| 040 |
_aBR-BrBNA _bpor _cBiblioteca Nacional de Agricultura |
||
| 041 | _a(Por) | ||
| 072 |
_aM40; U20 _b8105 _b/GZ35 _b/G514 |
||
| 090 | _ 8105 BR7800914 | ||
| 100 | 1 | _aRodrigues, C.C.B. | |
| 110 | 1 |
_aSuperintendencia do Desenvolvimento da Pesca, Brasilia, DF (Brasil). Depto. de Pesquisa e Tecnologia _910068 |
|
| 245 | 1 | _aLevantamento bibliografico da ictiofauna do polo araguaia - Tocantins [Peixe de agua doce; Bacia hidrografica; Goias; Para; Maranhao; Bibliografia; Brasil] | |
| 260 | 3 |
_aBrasilia, DF (Brasil): _c1978. |
|
| 300 | _a28 p. | ||
| 650 | _aPeixe de agua doce | ||
| 650 | _aBacia hidrografica | ||
| 650 | _aBibliografia | ||
| 650 | _aGoias | ||
| 650 | _aPara | ||
| 650 | _aMaranhao | ||
| 909 |
_a202309 _bLucia _c55 _dLucia Elande |
||
| 942 | _cBK | ||
| 999 |
_c24943 _d24943 |
||